00890 a2200169 45000010006000000050017000060080041000230030015000640400040000790800051001192450155001702640033003253000024003585050311003820410008006931000019007016396120260521160827.0260521a1965 arg spa dAR-UNSa-BCEJYS aAR-UNSa-BCEJYSbspacAR-UNSa-BCEJYS a338.5xPrecios. Formación de precios. Costes10aCostes de la distribución y formación de los preciospLas condiciones del coste y de la demanda. Fluctuación de los precios y factores del coste 1aBarcelona :bSagitarioc1965 axvi, 229 p.c22 cm. a1. Las condiciones de coste - 2.Las condiciones de demanda – 3. Los métodos de fijación de precios – 4. La valoración del coste de distribución – 5. El sector de distribución y las fluctuaciones de los precios a corto plazo – 6. Los factores del coste de distribución a largo plazo –  aspa1 aTriolaire, Guy